000
00327nam a2200133Ia 4500
008
191201s2007 xx 000 0 und d
082
_a
006.6
_b
ROP
100
_a
ROGERS, Devid F
245
0
_a
Procediral Elements for Computer Graphics
260
_a
N.Delhi
_c
2007
_b
TMH
300
_a
-
650
_a
B.Tech(IT)
942
_2
ddc
_c
BK
999
_c
2802
_d
2802